50 most populated counties of the US quiz! - Statistics

General Stats
  • This quiz has been taken 28 times
  • The average score is 27 of 50
Answer Stats
Answer % Correct
Los Angeles California
92%
Dallas Texas
85%
Miami Florida
81%
Orange California
81%
Orange Florida
81%
New York New York
77%
King Washington
73%
Queens New York
73%
San Diego California
73%
Bronx New York
69%
Cook Illinois
69%
Philadelphia Pennsylvania
69%
Sacramento California
65%
Clark Nevada
62%
Harris Texas
62%
Honolulu Hawaii
62%
Maricopa Arizona
62%
Salt Lake Utah
62%
Riverside California
58%
San Bernardino California
58%
Fresno California
54%
Fulton Georgia
54%
Kings New York
54%
Wayne Michigan
54%
Alameda California
46%
Allegheny Pennsylvania
46%
Bexar Texas
46%
Broward Florida
46%
Cuyahoga Ohio
46%
Duval Florida
46%
Hennepin Minnesota
46%
Oakland Michigan
46%
Santa Clara California
46%
Suffolk New York
46%
Mecklenburg North Carolina
42%
Contra Costa California
38%
Fairfax Virginia
38%
Hillsborough Florida
38%
Palm Beach Florida
38%
Pima Arizona
38%
Tarrant Texas
38%
Wake North Carolina
38%
Westchester New York
38%
Franklin Ohio
35%
Travis Texas
35%
Collin Texas
31%
Middlesex Massachusetts
31%
Montgomery Maryland
31%
Nassau New York
31%
Denton Texas
19%
No matching quizzes found
Score Distribution
Percent of People with Each Score
Percentile by Number Answered
Your Score History
You have not taken this quiz